| 000 | 00605nam a2200241Ia 4500 | ||
|---|---|---|---|
| 003 | OSt | ||
| 005 | 20220912150615.0 | ||
| 006 | a|||||r|||| 00| 0 | ||
| 007 | ta | ||
| 008 | 220909b |||||||| |||| 00| 0 eng d | ||
| 024 | _a33100 | ||
| 037 | _cTextual | ||
| 040 |
_aCSL _beng _cCSL |
||
| 041 | _aeng | ||
| 082 | _aD6:78, L7 | ||
| 100 | _aGeorge F H | ||
| 245 | 0 | _aFoundations of cybernetics | |
| 260 |
_aLondon _bGordonand Breach Science _c1971 |
||
| 300 |
_axiv, 286p. _ccm. |
||
| 650 | _aEngineering | ||
| 942 |
_hD6:78, L7 _cTEXL _2CC |
||
| 999 |
_c50798 _d50798 |
||